00304nam a2200109Ia 4500008004000000082001600040100003100056245003400087260004800121300001300169650001200182210210b1982 xxu||||| |||| 00| 0 eng d a307.72 VOLL aVOLKEN (Henry) and others. aLearning from the rural poor. aNew Delhi.bIndian Social Institute.,c1982 aviii,115 aRural